Конец маркетинга, каким мы его знаем: пер. с англ.

Xehetasun bibliografikoak
Egile nagusia: Займан С. Серхио
Gaia:Это всемирно известная книга о революционном маркетинговом подходе, который за последнее десятилетие изменил судьбы и финансовые показатели тысяч компаний. Работа Серхио Займана в компании Coca-Cola, где он был главным маркетологом на протяжении нескольких лет, убедила его в том, что «маркетинг старого образца умер». Займан показал, что маркетинг - не таинство, доступное лишь немногим избранным, а ремесло, которым может овладеть каждый. Главная цель маркетинга - увеличить продажи продукта и принести компании прибыль, а основное оружие - стратегия, профессионализм и планирование. А вот создание имижда продукта - задача второстепенная. Книга должна стать настольной для эффективных маркетологов и будет полезна руководителям компаний.
Hizkuntza:errusiera
Argitaratua: Москва, Манн, Иванов и Фербер, 2010
Saila:Хороший перевод!
Gaiak:
Formatua: Liburua
KOHA link:https://koha.lib.tpu.ru/cgi-bin/koha/opac-detail.pl?biblionumber=216200

MARC

LEADER 00000nam0a2200000 4500
001 216200
005 20231101230025.0
010 |a 9785916571127 
035 |a (RuTPU)RU\TPU\book\236163 
090 |a 216200 
100 |a 20120522d2010 km y0rusy50 ca 
101 1 |a rus  |c eng 
102 |a RU 
105 |a y z 000zy 
200 1 |a Конец маркетинга, каким мы его знаем  |e пер. с англ.  |f С. Займан 
210 |a Москва  |c Манн, Иванов и Фербер  |d 2010 
215 |a 304 с. 
225 1 |a Хороший перевод! 
330 |a Это всемирно известная книга о революционном маркетинговом подходе, который за последнее десятилетие изменил судьбы и финансовые показатели тысяч компаний. Работа Серхио Займана в компании Coca-Cola, где он был главным маркетологом на протяжении нескольких лет, убедила его в том, что «маркетинг старого образца умер». Займан показал, что маркетинг - не таинство, доступное лишь немногим избранным, а ремесло, которым может овладеть каждый. Главная цель маркетинга - увеличить продажи продукта и принести компании прибыль, а основное оружие - стратегия, профессионализм и планирование. А вот создание имижда продукта - задача второстепенная. Книга должна стать настольной для эффективных маркетологов и будет полезна руководителям компаний. 
606 1 |a Маркетинг  |2 stltpush  |3 (RuTPU)RU\TPU\subj\41036  |9 60857 
610 1 |a продажи 
610 1 |a прибыль 
610 1 |a увеличение 
610 1 |a компании 
610 1 |a финансовые показатели 
610 1 |a стратегия 
610 1 |a рекламные агентства 
610 1 |a доходы 
686 |a У821.4  |v LBC/SL-A  |2 rubbk 
700 1 |a Займан  |b С.  |g Серхио 
801 1 |a RU  |b 63413507  |c 20120522 
801 2 |a RU  |b 63413507  |c 20120907  |g RCR 
942 |c BK 
959 |a 80/20120522  |d 1  |e 520,00  |f ЧЗГЛ:1